000 00649nam a2200217Ii 4500
003 JO-AjNU
008 230606s9999||||xx |||||||||||||| ||und||
020 _a978-0-07-0149090-5
040 _aJO-AjNU
_beng
_erda
_cJO-AjNU
041 _aeng
050 1 4 _aQA76.9.S88.S46.2009
100 3 _aSenn,James a,
_eauthor
_9202
245 0 0 _aAnalysis Design of information Systems
250 _a2 ed
264 3 1 _aTataMagraw-hill puplushing Company Limited:NewDELHI,2008
300 _a852p
336 _atext
_btxt
_2rdacontent
337 _aunmediated
_bn
_2rdamedia
338 _avolume
_bnc
_2rdacarrier
650 4 _aSYSTEM design/system analaysis
_9203
999 _aE106
_c106
_d106